| 000 | 00376nam a2200133Ia 4500 | ||
|---|---|---|---|
| 005 | 20260328104310.0 | ||
| 008 | 260328s9999||||xx |||||||||||||| ||und|| | ||
| 100 | _aTéllez Castañeda, Germán | ||
| 245 | 0 |
_aHernán Herrera Mendoza : _b Arquitectura 1954-2006. / _cGermán Téllez Castañeda |
|
| 260 | _bEscala | ||
| 300 | _a328 p. | ||
| 650 | _aTESIS DE GRADO | ||
| 942 | _cBK | ||
| 999 |
_c10913 _d10913 |
||